[Event "Tournoi des Presidents U1400"]
[Site "Chambly CAN"]
[Date "2025.10.01"]
[Round "4.12"]
[White "Tazi, Mohammed"]
[Black "Joyal, Logan"]
[Result "1-0"]
[WhiteElo "1167"]
[BlackElo "1150"]
[WhiteFideId "-1"]
[WhiteFideId "-1"]
[PlyCount "84"]
[GameId "2230372654665807"]
[EventDate "2025.09.10"]
[EventType "swiss"]
[EventRounds "4"]
[EventCountry "CAN"]

1. d4 d5 2. c4 e5 3. cxd5 Qxd5 4. dxe5 Qxd1+ 5. Kxd1 Nc6 6. f4 Bg4 7. h3 O-O-O+ 8. Bd2 Bf5 9. Nf3 Nb4 10. Nc3 Nc2 11. e4 Nxa1 12. exf5 Bb4 13. Kc1 Bxc3 14. bxc3 Ne7 15. f6 gxf6 16. exf6 Nd5 17. Kb2 Nxf6 18. Kxa1 Ne4 19. Be1 Rhg8 20. Kb2 Rg6 21. g4 Rf6 22. f5 h5 23. Ne5 Nf2 24. Bxf2 Rd2+ 25. Kc1 Rxf2 26. Bc4 Kd8 27. Nxf7+ Ke7 28. Re1+ Kf8 29. Ng5 Rb6 30. Bb3 hxg4 31. hxg4 Rh2 32. Ne6+ Kg8 33. Nxc7+ Kh7 34. Re7+ Kh6 35. Ne6 Re2 36. g5+ Kh5 37. Nf4+ Kxg5 38. Nxe2 Kxf5 39. Nd4+ Kf6 40. Re6+ Rxe6 41. Bxe6 Ke5 42. Bc8 b6 1-0

[Event "Tournoi des Presidents U1400"]
[Site "Chambly CAN"]
[Date "2025.10.01"]
[Round "4.13"]
[White "Laplante, Germain"]
[Black "Lemieux, Serge"]
[Result "0-1"]
[WhiteElo "1231"]
[BlackElo "1381"]
[WhiteFideId "-1"]
[WhiteFideId "-1"]
[PlyCount "74"]
[GameId "2230372654665808"]
[EventDate "2025.09.10"]
[EventType "swiss"]
[EventRounds "4"]
[EventCountry "CAN"]

1. d4 d5 2. Bf4 e6 3. Nf3 Bd6 4. Ne5 f6 5. Nd3 Nc6 6. e3 Nge7 7. Be2 O-O 8. O-O e5 9. dxe5 Nxe5 10. Nxe5 fxe5 11. Bg5 c6 12. a3 Qb6 13. b3 Be6 14. Nc3 Rf7 15. Ne4 Qc7 16. Nxd6 Qxd6 17. Bg4 Raf8 18. Bxe6 Qxe6 19. Bxe7 Qxe7 20. Qe2 e4 21. a4 a5 22. Rad1 Rf5 23. c4 Qf7 24. cxd5 cxd5 25. Rd4 b6 26. f4 exf3 27. Rxf3 Rxf3 28. gxf3 Qg6+ 29. Kf2 Qh5 30. Kg2 Rc8 31. Qd2 Qg6+ 32. Kh1 Qb1+ 33. Qd1 Rc1 34. Qxc1 Qxc1+ 35. Kg2 Qxe3 36. Rxd5 Qxb3 37. Rb5 Qxb5 0-1

[Event "Tournoi des Presidents U1400"]
[Site "Chambly CAN"]
[Date "2025.10.01"]
[Round "4.14"]
[White "De Guise, Ronald"]
[Black "Alameddine, Karim"]
[Result "1-0"]
[WhiteElo "1296"]
[BlackElo "1282"]
[WhiteFideId "-1"]
[WhiteFideId "-1"]
[PlyCount "131"]
[GameId "2230372654665809"]
[EventDate "2025.09.10"]
[EventType "swiss"]
[EventRounds "4"]
[EventCountry "CAN"]

1. e4 e5 2. Nf3 d6 3. Bc4 h6 4. d4 Qe7 5. d5 a6 6. a4 Nf6 7. Qd3 g6 8. b4 b6 9. b5 a5 10. Ba3 Bg7 11. h3 Nbd7 12. Nc3 Nh5 13. Ne2 Nc5 14. Bxc5 bxc5 15. Rb1 O-O 16. O-O Kh7 17. b6 cxb6 18. Rxb6 Nf6 19. Nh2 Nd7 20. Rb3 Qd8 21. f4 Qe8 22. f5 Nf6 23. Ng3 Qxa4 24. Rfb1 Qd7 25. Bb5 Qc7 26. Bc6 Ra7 27. Qe2 a4 28. Ra3 Ba6 29. c4 Rb8 30. Rxb8 Qxb8 31. Rxa4 Qb1+ 32. Nhf1 h5 33. fxg6+ fxg6 34. Kh2 h4 35. Nh1 Nxe4 36. Qg4 Nf6 37. Qxh4+ Nh5 38. Nhg3 Bh6 39. Bb5 Qc2 40. Rxa6 Rf7 41. Nxh5 Rxf1 42. Ra7+ Kg8 43. Ng3 Rf2 44. Qe4 Qxe4 45. Nxe4 Re2 46. Nf6+ Kf8 47. Nd7+ Ke7 48. Nxe5+ Kf6 49. Ng4+ Kg5 50. Nxh6 Kxh6 51. Rd7 g5 52. Rxd6+ Kh5 53. Rc6 g4 54. hxg4+ Kxg4 55. Rxc5 Re5 56. Bd7+ Kf4 57. Rc8 Rg5 58. Be6 Ke3 59. c5 Rh5+ 60. Kg1 Rh4 61. d6 Rd4 62. d7 Re4 63. Re8 Kf4 64. d8=Q Kg3 65. Qg5+ Rg4 66. Qxg4# 1-0

[Event "Tournoi des Presidents U1400"]
[Site "Chambly CAN"]
[Date "2025.10.01"]
[Round "4.15"]
[White "Savard, Alain"]
[Black "Tarte, Ariste"]
[Result "0-1"]
[WhiteElo "1138"]
[BlackElo "1134"]
[WhiteFideId "-1"]
[WhiteFideId "-1"]
[PlyCount "202"]
[GameId "2230372654665810"]
[EventDate "2025.09.10"]
[EventType "swiss"]
[EventRounds "4"]
[EventCountry "CAN"]

1. d4 c6 2. Bf4 d5 3. e3 Bf5 4. Nd2 e6 5. Ngf3 Bd6 6. Bg3 Bxg3 7. hxg3 Nf6 8. c3 O-O 9. Be2 Nbd7 10. Qb3 Rb8 11. O-O-O Ng4 12. Rdf1 Re8 13. Nh4 Qg5 14. Nxf5 Qxf5 15. Bxg4 Qxg4 16. Qc2 g6 17. Nf3 a5 18. Rh4 Qf5 19. Qe2 a4 20. Rfh1 Nf6 21. g4 Qe4 22. g5 Ng4 23. Rxh7 Kf8 24. R1h4 Qf5 25. a3 e5 26. dxe5 Nxe5 27. Nxe5 Qxe5 28. Rf4 Qxf4 29. Rh8+ Kg7 30. g3 Qxg5 31. Rh4 Rbc8 32. Rf4 c5 33. Qf3 f6 34. Rg4 Qf5 35. Rf4 Qe5 36. Kc2 g5 37. Rxa4 c4 38. Ra7 Qe4+ 39. Qxe4 Rxe4 40. Rxb7+ Kg6 41. a4 Re6 42. b4 cxb3+ 43. Kxb3 Rec6 44. a5 Rxc3+ 45. Kb4 R3c4+ 46. Kb5 Ra8 47. a6 Rc2 48. a7 Rb2+ 49. Kc6 Ra2 50. Kb6 Kh5 51. f3 g4 52. f4 Kg6 53. Rd7 Ra3 54. Re7 Rb3+ 55. Ka6 Kf5 56. Rh7 Ke4 57. Re7+ Kf3 58. Rb7 Ra3+ 59. Kb6 Kxg3 60. Rf7 d4 61. exd4 Kxf4 62. Rxf6+ Ke4 63. Rg6 g3 64. Rg4+ Kf3 65. Rg7 g2 66. Kb7 Re8 67. Rf7+ Ke4 68. Rg7 Ra2 69. Rg4+ Kf3 70. Rg7 Ra1 71. Rf7+ Ke4 72. Rg7 g1=Q 73. Rxg1 Rxg1 74. a8=Q Rxa8 75. Kxa8 Kxd4 76. Kb7 Rc1 77. Kb8 Kd5 78. Kb7 Kd6 79. Kb8 Rc7 80. Ka8 Kd7 81. Kb8 Kc6 82. Ka8 Rc8+ 83. Ka7 Kc7 84. Ka6 Rb8 85. Ka7 Rb1 86. Ka6 Kc6 87. Ka5 Kb7 88. Ka4 Kb6 89. Ka3 Kb5 90. Ka2 Rb4 91. Ka3 Ka5 92. Ka2 Kb5 93. Ka3 Kc4 94. Ka2 Kb5 95. Ka3 Ra4+ 96. Kb3 Ka5 97. Kb2 Kb4 98. Kb1 Kb3 99. Kc1 Ra2 100. Kb1 Rc2 101. Ka1 Rc1# 0-1

[Event "Verseau"]
[Site "Chambly CAN"]
[Date "2025.02.12"]
[Round "1.1"]
[White "Cossette, Richard"]
[Black "Longpre, Martin"]
[Result "0-1"]
[WhiteElo "1824"]
[BlackElo "1555"]
[WhiteFideId "-1"]
[WhiteFideId "-1"]
[PlyCount "108"]
[GameId "2191150456894982"]
[EventDate "2025.02.12"]
[EventType "swiss"]
[EventRounds "4"]
[EventCountry "CAN"]

1. e4 c6 2. d4 d5 3. exd5 cxd5 4. c4 Nf6 5. Nc3 Nc6 6. Be3 Bf5 7. Bd3 Bxd3 8. Qxd3 dxc4 9. Qxc4 e6 10. a3 a6 11. b4 Rc8 12. Qd3 Nd5 13. Nxd5 Qxd5 14. Nf3 Be7 15. Rd1 O-O 16. O-O Rfd8 17. Rfe1 Bf6 18. Rc1 e5 19. Qf5 exd4 20. Qxd5 Rxd5 21. Bf4 h6 22. h4 Rcd8 23. g4 d3 24. Rcd1 Bb2 25. Bd2 Bxa3 26. Re4 Nd4 27. Ne1 Ne2+ 28. Kg2 Rd4 29. Rxd4 Rxd4 30. f3 Bxb4 31. Bxb4 Rxb4 32. Nxd3 Rd4 33. Re1 Rxd3 34. Rxe2 Rd8 35. Re7 Rb8 36. Kf2 a5 37. Ke2 b5 38. Kd2 a4 39. Ra7 g6 40. f4 Rc8 41. Rb7 Rc5 42. Kd3 a3 43. g5 hxg5 44. hxg5 Kf8 45. Ke3 a2 46. Ra7 Rc2 47. Kd3 Rf2 48. Ke3 Rb2 49. Kd3 b4 50. Ra8+ Kg7 51. Ke4 b3 52. f5 gxf5+ 53. Kxf5 Rb1 54. g6 a1=Q 0-1

[Event "Verseau"]
[Site "Chambly CAN"]
[Date "2025.02.12"]
[Round "1.2"]
[White "Kelly, Patrick"]
[Black "Cournoyer, Raphael"]
[Result "0-1"]
[WhiteElo "1542"]
[BlackElo "1758"]
[WhiteFideId "-1"]
[WhiteFideId "-1"]
[PlyCount "90"]
[GameId "2191150456894983"]
[EventDate "2025.02.12"]
[EventType "swiss"]
[EventRounds "4"]
[EventCountry "CAN"]

1. e4 c6 2. d4 d5 3. e5 c5 4. dxc5 Nc6 5. Nf3 Bg4 6. c3 a5 7. Be3 Bxf3 8. Qxf3 Nxe5 9. Bb5+ Nc6 10. O-O Nf6 11. Nd2 e6 12. Rfe1 Be7 13. Rad1 Qc8 14. c4 O-O 15. Bxc6 bxc6 16. Bd4 Re8 17. Re5 Nd7 18. Rh5 Bf6 19. Bxf6 Nxf6 20. Rg5 Qd8 21. Qg3 g6 22. h4 dxc4 23. Qf3 c3 24. bxc3 Qe7 25. Ne4 Nxe4 26. Qxe4 Rad8 27. Rxd8 Rxd8 28. Qxc6 h6 29. Rg4 Rd1+ 30. Kh2 Qf6 31. Qf3 Qe5+ 32. Rf4 Rc1 33. Qe3 Qxc3 34. Rf3 Qxe3 35. Rxe3 Rxc5 36. Kg3 Rc4 37. Re5 Ra4 38. Re2 Kg7 39. f4 Kf6 40. Kf3 Ke7 41. Rd2 f6 42. g3 e5 43. fxe5 fxe5 44. Ke3 Ke6 45. Rf2 Ra3+ 0-1

[Event "Verseau"]
[Site "Chambly CAN"]
[Date "2025.02.12"]
[Round "1.3"]
[White "Cousineau, Francois"]
[Black "Bedard, Michel"]
[Result "1-0"]
[WhiteElo "1757"]
[BlackElo "1539"]
[WhiteFideId "-1"]
[WhiteFideId "-1"]
[PlyCount "63"]
[GameId "2191150456894984"]
[EventDate "2025.02.12"]
[EventType "swiss"]
[EventRounds "4"]
[EventCountry "CAN"]

1. e4 e5 2. Nf3 Nf6 3. Nxe5 d6 4. Nf3 Nxe4 5. Nc3 Nxc3 6. dxc3 Be7 7. Be3 Nc6 8. Qd2 Ne5 9. O-O-O Bg4 10. Be2 Qd7 11. Nd4 Bxe2 12. Qxe2 a6 13. Rhe1 O-O-O 14. f4 Ng4 15. Bg1 Rhe8 16. Qc4 Bf6 17. h3 Rxe1 18. Rxe1 Re8 19. Qf1 Nh6 20. g4 Rxe1+ 21. Qxe1 Bxd4 22. Bxd4 f6 23. Bf2 Kd8 24. Qe4 Qc6 25. Qxh7 Qh1+ 26. Kd2 Qxh3 27. Qh8+ Kd7 28. Qxg7+ Kc6 29. Qf8 Nxg4 30. Qe8+ Kd5 31. c4+ Kxc4 32. b3+ 1-0

[Event "Verseau"]
[Site "Chambly CAN"]
[Date "2025.02.12"]
[Round "1.4"]
[White "St-Laurent, Luc"]
[Black "Kerhuel-Lefebvre, Stephane"]
[Result "0-1"]
[WhiteElo "1404"]
[BlackElo "1697"]
[WhiteFideId "-1"]
[WhiteFideId "-1"]
[PlyCount "128"]
[GameId "2191150456894985"]
[EventDate "2025.02.12"]
[EventType "swiss"]
[EventRounds "4"]
[EventCountry "CAN"]

1. d4 Nf6 2. Nf3 e6 3. g3 b6 4. Bg2 Bb7 5. O-O Be7 6. c4 O-O 7. Nc3 d6 8. d5 e5 9. e4 Nbd7 10. Bg5 Ne8 11. Bxe7 Qxe7 12. b4 a5 13. a3 Ba6 14. b5 Bc8 15. a4 Nc5 16. Nd2 f5 17. exf5 Bxf5 18. Nde4 Qd7 19. Nxc5 bxc5 20. Ne4 Bg4 21. f3 Bh3 22. Bxh3 Qxh3 23. Ng5 Qh6 24. Ne6 Qe3+ 25. Kg2 Rf7 26. Re1 Qc3 27. Rc1 Qb2+ 28. Re2 Qa3 29. Rf2 Nf6 30. Qd2 Qxa4 31. Rff1 Qb3 32. Rc3 Qa4 33. Qc2 Qxc2+ 34. Rxc2 a4 35. Ra2 Nd7 36. Nxc7 Ra7 37. Ne6 Nb6 38. Nd8 Rf8 39. Nc6 Raa8 40. Rc1 Rf7 41. Rc3 h6 42. h4 Raf8 43. Re2 g5 44. hxg5 hxg5 45. Re4 Kg7 46. g4 Rf4 47. Rxf4 Rxf4 48. Na5 e4 49. Kg3 Rxf3+ 50. Rxf3 exf3 51. Kxf3 a3 52. Ke3 a2 53. Nb3 Nxc4+ 54. Kd3 Nb6 55. Ke4 Kf6 56. Na1 Na4 57. Kd3 Ke5 58. Kc4 Nb6+ 59. Kb3 Nxd5 60. Kxa2 Kf4 61. Nb3 Kxg4 62. Nd2 Nb6 63. Ne4 Kf4 64. Nxd6 g4 0-1

[Event "Verseau"]
[Site "Chambly CAN"]
[Date "2025.02.12"]
[Round "1.5"]
[White "Hudon, Paul"]
[Black "Pincince, Jacques"]
[Result "1-0"]
[WhiteElo "1688"]
[BlackElo "1398"]
[WhiteFideId "-1"]
[WhiteFideId "-1"]
[PlyCount "150"]
[GameId "2191150456894986"]
[EventDate "2025.02.12"]
[EventType "swiss"]
[EventRounds "4"]
[EventCountry "CAN"]

1. Nf3 d6 2. c4 Nf6 3. d4 g6 4. g3 Bg7 5. Bg2 O-O 6. Nc3 Bf5 7. Qb3 Bc8 8. O-O c6 9. e4 Nbd7 10. Qc2 Re8 11. Rd1 Qa5 12. Rb1 Qh5 13. b4 Nb6 14. c5 Nc4 15. Ne2 d5 16. Nf4 Qg4 17. h3 Qd7 18. exd5 cxd5 19. Ne5 Nxe5 20. dxe5 Qf5 21. Qb3 Qxe5 22. Bb2 Qc7 23. Bxf6 Bxf6 24. Nxd5 Qb8 25. Nxf6+ exf6 26. Rd6 Be6 27. Qb2 Kg7 28. Rbd1 Qc7 29. c6 b6 30. b5 Rad8 31. Qd4 Rxd6 32. Qxd6 Qxd6 33. Rxd6 Bxa2 34. c7 Be6 35. Rc6 Bc8 36. Rc3 Kf8 37. f4 Ke7 38. Bc6 Rf8 39. Ra3 g5 40. Rxa7 gxf4 41. gxf4 Rg8+ 42. Kf2 Kd6 43. Ra8 Kxc7 44. Ra7+ Kd6 45. Rxf7 Bxh3 46. Rxf6+ Kc5 47. Rh6 Bg4 48. Rxh7 Rf8 49. Ke3 Bd1 50. Re7 Rf5 51. Rc7 Kb4 52. Rd7 Bb3 53. Rd2 Rc5 54. Rd8 Rc3+ 55. Ke4 Rc4+ 56. Ke5 Ba4 57. Rd4 Rxd4 58. Kxd4 Bc2 59. Ke5 Kc5 60. f5 Bb3 61. Bd7 Bf7 62. Kf6 Bd5 63. Ke7 Be4 64. f6 Bg6 65. Be8 Bxe8 66. Kxe8 Kxb5 67. f7 Kc4 68. f8=Q b5 69. Qa3 b4 70. Qb2 b3 71. Kd7 Kb4 72. Ke6 Kc4 73. Kd6 Kb4 74. Ke7 Kc4 75. Kf8 Kb4 1-0

[Event "Verseau"]
[Site "Chambly CAN"]
[Date "2025.02.12"]
[Round "1.6"]
[White "Lemieux, Serge"]
[Black "Milette, Patrick"]
[Result "0-1"]
[WhiteElo "1379"]
[BlackElo "1659"]
[WhiteFideId "-1"]
[WhiteFideId "-1"]
[PlyCount "66"]
[GameId "2191150456894987"]
[EventDate "2025.02.12"]
[EventType "swiss"]
[EventRounds "4"]
[EventCountry "CAN"]

1. d4 Nf6 2. Bf4 c5 3. c3 Qb6 4. Qd2 d6 5. f3 g6 6. dxc5 Qxc5 7. e4 Bg7 8. Be3 Qc7 9. Na3 a6 10. Ne2 O-O 11. Nf4 b5 12. Nc2 Bb7 13. Bd3 Nbd7 14. Rd1 Rad8 15. Be2 Ne5 16. O-O d5 17. exd5 Nxd5 18. Qc1 Nxe3 19. Nxe3 Bh6 20. g3 Rxd1 21. Qxd1 Rd8 22. Qc1 Qb6 23. Rf2 Qc5 24. Nfg2 Rd6 25. b4 Qa7 26. f4 Nd3 27. Bxd3 Rxd3 28. Qe1 Bg7 29. Nd1 Qb6 30. Nge3 Bxc3 31. Nxc3 Rxe3 32. Ne2 Qc6 33. Kf1 Qh1+ 0-1

[Event "Verseau"]
[Site "Chambly CAN"]
[Date "2025.02.12"]
[Round "1.7"]
[White "Tse, Chun Wing"]
[Black "Taylor, Paul"]
[Result "1-0"]
[WhiteElo "1643"]
[BlackElo "1363"]
[WhiteFideId "-1"]
[WhiteFideId "-1"]
[PlyCount "49"]
[GameId "2191150456894988"]
[EventDate "2025.02.12"]
[EventType "swiss"]
[EventRounds "4"]
[EventCountry "CAN"]

1. d4 Nf6 2. c4 g6 3. Nc3 Bg7 4. e4 d6 5. Be2 O-O 6. Bg5 c5 7. d5 Qa5 8. Qd2 Nfd7 9. Bxe7 Re8 10. Bxd6 Bxc3 11. Qxc3 Qxc3+ 12. bxc3 Rxe4 13. Nf3 b6 14. Nd2 Re8 15. f3 Nf6 16. Kf2 Rd8 17. Be7 Ng4+ 18. fxg4 Re8 19. d6 Nc6 20. Bf3 Bd7 21. Ne4 Rxe7 22. dxe7 Kg7 23. Rad1 Ne5 24. Nxc5 Nxf3 25. Rxd7 1-0

[Event "Verseau"]
[Site "Chambly CAN"]
[Date "2025.02.12"]
[Round "1.8"]
[White "Poirier, Dany"]
[Black "Choquette, Maxime"]
[Result "0-1"]
[WhiteElo "1340"]
[BlackElo "1605"]
[WhiteFideId "-1"]
[WhiteFideId "-1"]
[PlyCount "100"]
[GameId "2191150456894989"]
[EventDate "2025.02.12"]
[EventType "swiss"]
[EventRounds "4"]
[EventCountry "CAN"]

1. e4 c6 2. d4 d5 3. Nc3 dxe4 4. Nxe4 Nf6 5. Ng5 h6 6. Nxf7 Kxf7 7. Bd3 g6 8. Nf3 Bf5 9. O-O Bxd3 10. Qxd3 Qe8 11. Qb3+ Nd5 12. Ne5+ Kg7 13. Qxb7 Nb6 14. Bf4 Qc8 15. Qxc8 Nxc8 16. Nc4 Kh7 17. Rae1 Nb6 18. Ne5 Nd5 19. Bd2 Bg7 20. Nf3 Re8 21. c4 Nf6 22. Re6 Ng8 23. Rfe1 Bf6 24. g4 a5 25. h4 Ra6 26. c5 Nd7 27. g5 Bg7 28. gxh6 Bxh6 29. Ng5+ Bxg5 30. hxg5 Rd8 31. Bc3 Nf8 32. Rxe7+ Nxe7 33. Rxe7+ Kg8 34. d5 Rd7 35. d6 Raa7 36. Re4 Ra8 37. Bf6 Kf7 38. Be7 Ne6 39. Rh4 Nxc5 40. Rf4+ Kg7 41. Bf6+ Kg8 42. Be7 Na6 43. Rh4 Kf7 44. Rf4+ Kg7 45. Bf6+ Kg8 46. Be7 Nc7 47. Rf6 Nd5 48. Rxg6+ Kf7 49. Rh6 Nxe7 50. Rh7+ Kg6 0-1

[Event "Verseau"]
[Site "Chambly CAN"]
[Date "2025.02.19"]
[Round "2.1"]
[White "Cournoyer, Raphael"]
[Black "Hudon, Paul"]
[Result "1/2-1/2"]
[WhiteElo "1758"]
[BlackElo "1688"]
[WhiteFideId "-1"]
[WhiteFideId "-1"]
[PlyCount "129"]
[GameId "2191150456940054"]
[EventDate "2025.02.12"]
[EventType "swiss"]
[EventRounds "4"]
[EventCountry "CAN"]

1. d4 Nf6 2. Nf3 g6 3. c4 Bg7 4. g3 O-O 5. Bg2 d6 6. O-O Nc6 7. Nc3 e5 8. dxe5 Nxe5 9. Nxe5 dxe5 10. Bg5 Qxd1 11. Raxd1 c6 12. Rd6 Be6 13. c5 h6 14. Be3 Rfe8 15. Rfd1 Bf8 16. R6d3 Bc4 17. R3d2 Ng4 18. b4 f5 19. Rd7 Nxe3 20. fxe3 e4 21. Rxb7 Bg7 22. Nb1 Red8 23. Rdd7 Rxd7 24. Rxd7 Bxa2 25. Nd2 Bc3 26. Nxe4 fxe4 27. Bxe4 Bd5 28. Bxd5+ cxd5 29. b5 Ba5 30. c6 Bb6 31. h4 Rd8 32. Rb7 Rc8 33. Rd7 Rc7 34. Rxd5 Bxe3+ 35. Kg2 Kf7 36. Kf3 Bc1 37. e4 Ke6 38. Rd8 Rf7+ 39. Ke2 Bb2 40. Ke3 Be5 41. g4 Bc7 42. Rg8 Bb6+ 43. Kd3 Rf3+ 44. Kc4 Rf4 45. Rxg6+ Ke5 46. g5 Rxe4+ 47. Kd3 Rd4+ 48. Kc3 Rxh4 49. gxh6 Kd5 50. Kb3 Rh3+ 51. Ka4 Rh4+ 52. Kb3 Rh3+ 53. Ka4 Rh4+ 54. Kb3 {Ici, il y avait rEpEtion de position pour une troisième fois, mais la partie nulle n'a pas EtE rEclamEe.} Kc5 55. c7 Bxc7 56. Rc6+ Kxb5 57. Rxc7 Rh3+ 58. Kc2 Kb6 59. Rh7 a5 60. Rh8 Kb5 61. h7 Ka4 62. Kb2 Rb3+ 63. Ka2 Rb7 64. Ka1 Ka3 65. Ra8 1/2-1/2

[Event "Verseau"]
[Site "Chambly CAN"]
[Date "2025.02.19"]
[Round "2.2"]
[White "Milette, Patrick"]
[Black "Cousineau, Francois"]
[Result "1-0"]
[WhiteElo "1659"]
[BlackElo "1757"]
[WhiteFideId "-1"]
[WhiteFideId "-1"]
[PlyCount "99"]
[GameId "2191150456940055"]
[EventDate "2025.02.12"]
[EventType "swiss"]
[EventRounds "4"]
[EventCountry "CAN"]

1. Nf3 c5 2. c4 g6 3. g3 Bg7 4. Bg2 Nc6 5. O-O d6 6. Nc3 e5 7. a3 a5 8. d3 Nge7 9. Bg5 f6 10. Bd2 Be6 11. Ne1 O-O 12. Nd5 Bf7 13. Nxe7+ Qxe7 14. Nc2 a4 15. Ne3 Rfb8 16. Nd5 Qd8 17. e3 Ne7 18. Nc3 d5 19. cxd5 Nxd5 20. Nxa4 b6 21. Nc3 Ra7 22. Qc2 Rd7 23. Rfd1 Ne7 24. Be1 f5 25. Nb5 Rc8 26. Qe2 Kh8 27. Bc3 Nd5 28. Bxd5 Bxd5 29. Rac1 Qf8 30. d4 exd4 31. exd4 Re8 32. Qd2 c4 33. Re1 Red8 34. Bb4 Qf7 35. Qf4 Bc6 36. Nc3 Bxd4 37. Ne2 Qd5 38. Qxd4+ Qxd4 39. Nxd4 Rxd4 40. Bc3 Kg8 41. Bxd4 Rxd4 42. Red1 Rxd1+ 43. Rxd1 b5 44. Rd6 Be8 45. Kf1 Kf7 46. Rb6 Bd7 47. Ke2 Ke7 48. Ke3 Kd8 49. Kd4 Kc7 50. Kc5 1-0

[Event "Verseau"]
[Site "Chambly CAN"]
[Date "2025.02.19"]
[Round "2.3"]
[White "Kerhuel-Lefebvre, Stephane"]
[Black "Tse, Chun Wing"]
[Result "0-1"]
[WhiteElo "1697"]
[BlackElo "1643"]
[WhiteFideId "-1"]
[WhiteFideId "-1"]
[PlyCount "64"]
[GameId "2191150456944152"]
[EventDate "2025.02.12"]
[EventType "swiss"]
[EventRounds "4"]
[EventCountry "CAN"]

1. e4 d5 2. exd5 Qxd5 3. Nc3 Qd8 4. d4 Nf6 5. Nf3 Bg4 6. Be2 e6 7. O-O c6 8. Ne5 Bxe2 9. Nxe2 Nbd7 10. Nf3 Bd6 11. c3 Qc7 12. Ng3 h5 13. Re1 O-O-O 14. Bg5 Rdf8 15. c4 Kb8 16. c5 Bf4 17. Ne2 Bxg5 18. Nxg5 Ng4 19. h3 Qh2+ 20. Kf1 Qh1+ 21. Ng1 Nh2+ 22. Ke2 Qxg2 23. N1f3 Nxf3 24. Nxf3 Qxh3 25. Kd2 Rd8 26. Qe2 Qf5 27. Kc3 g5 28. b4 g4 29. Nh4 Qg5 30. Ng2 Nf6 31. b5 cxb5 32. Qxb5 Qd5 0-1

[Event "Verseau"]
[Site "Chambly CAN"]
[Date "2025.02.19"]
[Round "2.4"]
[White "Dubreuil, Raymond"]
[Black "Kelly, Patrick"]
[Result "0-1"]
[WhiteElo "1485"]
[BlackElo "1542"]
[WhiteFideId "-1"]
[WhiteFideId "-1"]
[PlyCount "128"]
[GameId "2191150456944153"]
[EventDate "2025.02.12"]
[EventType "swiss"]
[EventRounds "4"]
[EventCountry "CAN"]

1. Nf3 Nf6 2. g3 d5 3. c4 c6 4. b3 Bg4 5. Bg2 e6 6. Bb2 Nbd7 7. O-O Be7 8. Qc2 O-O 9. d3 Rc8 10. Nbd2 Qc7 11. h3 Bh5 12. a3 a6 13. b4 b5 14. c5 e5 15. Kh2 Ne8 16. e3 f5 17. d4 e4 18. Ne5 g5 19. f3 Bf6 20. f4 Ng7 21. Rf2 Ne6 22. Raf1 g4 23. h4 Be8 24. Nb3 Nb8 25. Na5 Bd8 26. Bc3 Ng7 27. Re2 Nh5 28. Be1 Qg7 29. Bh1 Bf6 30. Rg2 Qe7 31. Qe2 Ng7 32. Nb3 Ne6 33. Nd2 Bh5 34. Qf2 Kh8 35. Rfg1 Rg8 36. Nf1 Rg7 37. Qc2 Rcg8 38. a4 Nf8 39. axb5 axb5 40. Qa2 Ng6 41. Nxg6+ Rxg6 42. Qa8 Rh6 43. Ra2 Bf7 44. Ra7 Qf8 45. Qb7 Be6 46. Kg2 Rg7 47. Qa8 Rxa7 48. Qxa7 Rg6 49. Qa2 Rg7 50. Kf2 Rc7 51. Bg2 Qe7 52. Rh1 Ra7 53. Qb1 h5 54. Ke2 Ra4 55. Nd2 Qa7 56. Bf2 Na6 57. Be1 Nxb4 58. Qb3 Nd3 59. Bf2 Ra1 60. Qc3 Rxh1 61. Bxh1 Qa2 62. Bg2 Bd8 63. Kf1 Ba5 64. Qb3 Qxd2 0-1

[Event "Verseau"]
[Site "Chambly CAN"]
[Date "2025.02.19"]
[Round "2.5"]
[White "Bedard, Michel"]
[Black "Lemieux, Serge"]
[Result "1-0"]
[WhiteElo "1539"]
[BlackElo "1379"]
[WhiteFideId "-1"]
[WhiteFideId "-1"]
[PlyCount "83"]
[GameId "2191150456948250"]
[EventDate "2025.02.12"]
[EventType "swiss"]
[EventRounds "4"]
[EventCountry "CAN"]

1. d4 Nf6 2. Nc3 e6 3. Bf4 d5 4. e3 a6 5. a3 b5 6. h4 Bb7 7. g4 h6 8. Bg2 Bd6 9. Qf3 Qe7 10. Qg3 Nbd7 11. Nf3 O-O-O 12. Bxd6 cxd6 13. Nd2 Nb6 14. O-O-O Qc7 15. Bf3 Nc4 16. g5 hxg5 17. hxg5 Rxh1 18. Rxh1 Nxd2 19. Kxd2 Ne4+ 20. Nxe4 dxe4 21. Be2 Kb8 22. Rh7 g6 23. Qf4 Rd7 24. Qf6 Bd5 25. f3 exf3 26. Bxf3 Bxf3 27. Qxf3 d5 28. Qf6 Kb7 29. Qg7 a5 30. Rh8 Kb6 31. Qf8 a4 32. Qa8 Qa7 33. Qf8 Rc7 34. Qd8 Qb7 35. Rf8 Qc6 36. c3 Qd7 37. Qf6 Qe7 38. Qxe7 Rxe7 39. Ke2 Kc6 40. Kf3 Kd6 41. Rb8 Kc6 42. Kf4 1-0

[Event "Verseau"]
[Site "Chambly CAN"]
[Date "2025.02.19"]
[Round "2.6"]
[White "Taylor, Paul"]
[Black "St-Laurent, Luc"]
[Result "1-0"]
[WhiteElo "1363"]
[BlackElo "1404"]
[WhiteFideId "-1"]
[WhiteFideId "-1"]
[PlyCount "69"]
[GameId "2191150456948251"]
[EventDate "2025.02.12"]
[EventType "swiss"]
[EventRounds "4"]
[EventCountry "CAN"]

1. e4 c5 2. Nf3 d6 3. d4 cxd4 4. Nxd4 Nf6 5. Nc3 Nc6 6. Bc4 e6 7. Bg5 Be7 8. f3 a6 9. Bb3 Bd7 10. h4 b5 11. Qd2 h6 12. Be3 b4 13. Nce2 a5 14. Ba4 Nxd4 15. Bxd7+ Nxd7 16. Bxd4 Bxh4+ 17. g3 Bf6 18. Bxf6 Nxf6 19. g4 Ke7 20. g5 hxg5 21. Rxh8 Qxh8 22. Ng3 Qh4 23. Qf2 Qf4 24. Ne2 Qh4 25. Ng3 Qf4 26. Ne2 Qe5 27. Nd4 Qc5 28. O-O-O g6 29. Qd2 g4 30. Nb3 Qb6 31. Qe2 Qb7 32. Nd2 gxf3 33. Qxf3 Rf8 34. Rf1 d5 35. Qxf6+ 1-0

[Event "Verseau"]
[Site "Chambly CAN"]
[Date "2025.02.19"]
[Round "2.7"]
[White "Pincince, Jacques"]
[Black "Poirier, Dany"]
[Result "1/2-1/2"]
[WhiteElo "1398"]
[BlackElo "1340"]
[WhiteFideId "-1"]
[WhiteFideId "-1"]
[PlyCount "73"]
[GameId "2191150456952348"]
[EventDate "2025.02.12"]
[EventType "swiss"]
[EventRounds "4"]
[EventCountry "CAN"]

1. e4 e5 2. Bc4 Bc5 3. Nf3 Nc6 4. d3 h6 5. O-O d6 6. h3 Nd4 7. c3 Nxf3+ 8. Qxf3 Nf6 9. b4 Bb6 10. a4 a5 11. Nd2 c6 12. Re1 O-O 13. Nf1 axb4 14. cxb4 Bd4 15. Ra3 Bd7 16. Ng3 b5 17. axb5 cxb5 18. Rxa8 Qxa8 19. Bd5 Bc6 20. Bxh6 Bxd5 21. exd5 Qxd5 22. Bd2 Qxf3 23. gxf3 g6 24. Ne4 Nxe4 25. fxe4 Ra8 26. Kf1 Kg7 27. Rc1 Ra3 28. Ke2 Ra6 29. Rc7 Ra2 30. Rc6 Rb2 31. Rc1 Kf6 32. h4 Ke6 33. Rd1 Ra2 34. Kf3 Ra3 35. Ke2 d5 36. f3 dxe4 37. dxe4 1/2-1/2

[Event "Verseau"]
[Site "Chambly CAN"]
[Date "2025.02.26"]
[Round "3.1"]
[White "Tse, Chun Wing"]
[Black "Milette, Patrick"]
[Result "1/2-1/2"]
[WhiteElo "1643"]
[BlackElo "1659"]
[WhiteFideId "-1"]
[WhiteFideId "-1"]
[PlyCount "81"]
[GameId "2191150456956452"]
[EventDate "2025.02.12"]
[EventType "swiss"]
[EventRounds "4"]
[EventCountry "CAN"]

1. d4 Nf6 2. Bg5 Ne4 3. Bf4 c5 4. f3 Qa5+ 5. c3 Nf6 6. d5 d6 7. e4 g6 8. Bd3 Bg7 9. Ne2 Nbd7 10. O-O c4 11. Bxc4 Nxe4 12. fxe4 Qc5+ 13. Kh1 Qxc4 14. Nd2 Qa6 15. Nf3 O-O 16. Qd2 Nc5 17. Ng3 Qd3 18. Rad1 Qxd2 19. Rxd2 Bg4 20. h3 Bd7 21. e5 Bb5 22. exd6 exd6 23. c4 Bxc4 24. Rc1 Bxa2 25. b4 Nb3 26. Rxa2 Nxc1 27. Bxc1 Rfc8 28. Bf4 Bf8 29. Nd2 f5 30. Ne2 a6 31. Nd4 Bg7 32. Ne6 Be5 33. Bxe5 dxe5 34. Nf3 e4 35. Nfd4 Rd8 36. Nxd8 Rxd8 37. Ra5 b6 38. Rxa6 Rxd5 39. Nxf5 gxf5 40. Rxb6 Kf7 41. Kg1 1/2-1/2